| 000 | 00552nam a2200193 a 4500 | ||
|---|---|---|---|
| 005 | 20251113063932.0 | ||
| 008 | 030121s1991 mx r 000 0 spa d | ||
| 020 | _a8437237149 | ||
| 035 | _aUPN01000121497 | ||
| 049 | _aI | ||
| 050 | 4 |
_aQL676.2 _bP4.48 |
|
| 100 | 1 |
_aParker, Steve, _d1952- _928596 |
|
| 245 | 1 | 4 |
_aLos mamíferos / _ccolab. British Museum Natural History. Londres ; tr. María Puncel. |
| 260 |
_aMadrid : _bAltea, _c1991. |
||
| 300 | _a63 p. | ||
| 440 | 0 | _aBiblioteca visual Altea | |
| 650 | 2 |
_aMamíferos _922054 |
|
| 905 | _aInfantil | ||
| 999 |
_c93741 _d93741 |
||